Bible by Letter - J #1 - Statistics

General Stats
  • This quiz has been taken 96 times
    95 since last reset
  • The average score is 10 of 15
Answer Stats
Hint Answer % Correct
Most mentioned name in the Bible Jesus
100%
Known as ____ the Beloved John
94%
City where the above got left in when he was twelve Jerusalem
91%
Ended up in a fish stomach for three days Jonah
87%
Person who had a coat of many colours Joseph
87%
Shortest name for a Book of the Bible Job
84%
Second last book of the Bible Jude
78%
Tribe of Israel Judah
67%
...and you will be my witnesses in Jerusalem and in all _____ and Samaria, and to the end of the earth. Judea
67%
Book of the Bible after Deuteronomy Joshua
66%
Book of the Bible after the above Judges
65%
Another name of Israel Jacob
61%
Wife of King Ahab: Queen _______ Jezebel
49%
Person who killed Sisera in the Book above Jael
20%
Youngest person to be King of Judah Joash
9%
No matching quizzes found
Score Distribution
Percent of People with Each Score
Percentile by Number Answered
Your Score History
You have not taken this quiz since the last reset